| 000 | 00854nmc a2200289 a 4500 | ||
|---|---|---|---|
| 003 | AR-BaBNM | ||
| 005 | 20251128202758.0 | ||
| 008 | 077119s1953 ||||||||||||||000 | spa|| | ||
| 040 | _cAR-BaBNM | ||
| 100 | 1 | _aGhiano, Juan Carlos | |
| 245 | 1 | 0 |
_aConstantes de la literatura argentina _bEcheverría : Cane : Güiraldes : Mallea : el teatro : literatura siglo XX |
| 260 |
_aBuenos Aires _bRaigal _c1953 |
||
| 300 | 0 | _a178 p. | |
| 490 | 0 |
_aBiblioteca Juan María Gutiérrez _vv. 3 |
|
| 650 | 4 | _aLITERATURA ARGENTINA | |
| 650 | 4 | _aCRITICA LITERARIA | |
| 650 | 4 | _aHISTORIA LITERARIA | |
| 650 | 4 | _aGENERACION DE 1837 | |
| 650 | 4 | _aGENERACION DE 1880 | |
| 650 | 4 | _aTEATRO | |
| 650 | 4 | _aLITERATURA CONTEMPORANEA | |
| 650 | 4 | _aSALON LITERARIO | |
| 655 | _aLITERATURA | ||
| 800 | 1 |
_aGhiano, Juan Carlos _edirector |
|
| 942 | _cBK | ||
| 998 | _cMARTIN | ||
| 999 |
_c524 _d524 |
||